African philosophy for the twenty first century: (Record no. 1309040)

MARC details
000 -LEADER
fixed length control field 00897nam a22002537a 4500
005 - DATE AND TIME OF LATEST TRANSACTION
control field 20250416120022.0
008 - FIXED-LENGTH DATA ELEMENTS--GENERAL INFORMATION
fixed length control field 250416b |||||||| |||| 00| 0 eng d
020 ## - INTERNATIONAL STANDARD BOOK NUMBER
International Standard Book Number 978-1-5381-5416-8 (hbk)
037 ## - SOURCE OF ACQUISITION
Terms of availability TB
040 ## - CATALOGING SOURCE
Original cataloging agency CRL
Transcribing agency CRL
041 ## - LANGUAGE CODE
Source of code eng
Language code of text/sound track or separate title eng
084 ## - COLON CLASSIFICATION NUMBER
Classification number R86 R1
Assigning agency CRL
245 ## - TITLE STATEMENT
Title African philosophy for the twenty first century:
Remainder of title Acts of transition
260 ## - PUBLICATION, DISTRIBUTION, ETC.
Place of publication, distribution, etc. Lanham, Maryland:
Name of publisher, distributor, etc. Rowman & littlefield,
Date of publication, distribution, etc. 2021.
300 ## - PHYSICAL DESCRIPTION
Extent vii, 218p.
365 ## - TRADE PRICE
Price amount 90.00
Currency code UKP
650 ## - SUBJECT ADDED ENTRY--TOPICAL TERM
Topical term or geographic name entry element African Philosophy
9 (RLIN) 33781
650 ## - SUBJECT ADDED ENTRY--TOPICAL TERM
Topical term or geographic name entry element Philosophy
700 ## - ADDED ENTRY--PERSONAL NAME
Personal name Codefroy, Jean (Editer)
9 (RLIN) 752335
700 ## - ADDED ENTRY--PERSONAL NAME
Personal name Bidima (Editer)
9 (RLIN) 752336
700 ## - ADDED ENTRY--PERSONAL NAME
Personal name Hengehold, Laura (Editer)
9 (RLIN) 752337
942 ## - ADDED ENTRY ELEMENTS (KOHA)
Source of classification or shelving scheme Colon Classification (CC)
Koha item type Textbook
Classification part R86 R1
Suppress in OPAC No
Holdings
Withdrawn status Lost status Source of classification or shelving scheme Damaged status Not for loan Home library Current library Date acquired Source of acquisition Cost, normal purchase price Inventory number Total Checkouts Full call number Barcode Date last seen Price effective from Koha item type
    Colon Classification (CC)     Central Library Central Library 2025-04-16 Elite Publishers Distributors 90.00 15032 & 2024-12-19   R86 R1 CL1682193 2025-04-16 2025-04-16 Textbook
Copyright @ Delhi University Library System